| 000 | 00374nam a22001457a 4500 | ||
|---|---|---|---|
| 999 |
_c193649 _d193649 |
||
| 008 | 221107b ||||| |||| 00| 0 eng d | ||
| 082 | _aS-SHA | ||
| 100 | _aSHARMA.PARVEEN | ||
| 245 |
_aMASTERDA SURYA SEN _hENGLISH |
||
| 260 |
_aNEW DELHI _bA.I.C.B _cROHINI |
||
| 270 | _aA.I.C.B ,ROHINI NEW DELHI | ||
| 300 |
_a. _b. _c12X13 |
||
| 490 | _v1 | ||
| 942 |
_2ddc _cBRLEN _kS _mSHA |
||